书目信息 |
| 题名: |
简明溶剂手册
|
|
| 作者: | 李华昌 , 符斌 主编 | |
| 分册: | ||
| 出版信息: | 北京 化学工业出版社 2009 |
|
| 页数: | 395页 | |
| 开本: | 26cm | |
| 丛书名: | ||
| 单 册: | ||
| 中图分类: | TQ413-62 | |
| 科图分类: | ||
| 主题词: | 溶剂--手册 , 溶剂 | |
| 电子资源: | ||
| ISBN: | 978-7-122-03142-6 | |
| 000 | 00813nam0 2200241 45 | |
| 005 | 20100303145111.87 | |
| 010 | @a978-7-122-03142-6@dCNY59.00 | |
| 100 | @a20100121d2009 em y0chiy0120 ea | |
| 101 | 0 | @achi |
| 102 | @aCN@b110000 | |
| 105 | @ay z 001yy | |
| 106 | @ar | |
| 200 | 1 | @a简明溶剂手册@AJian Ming Rong Ji Shou Ce@f李华昌,符斌主编@FLi Hua Chang, Fu Bin Zhu Bian |
| 210 | @a北京@c化学工业出版社@d2009 | |
| 215 | @a395页@d26cm | |
| 330 | @a本书分溶剂的基础知识、烃类溶剂、酚类溶剂、酸和酸酐类溶剂、无机溶剂等,收录了这些溶剂的沸点、熔点、密度、表面张力、闪点、化学性质等内容。 | |
| 606 | 0 | @a溶剂@j手册 |
| 606 | 0 | @a溶剂 |
| 690 | @aTQ413-62@v4 | |
| 701 | 0 | @a李华昌@ALi Hua Chang@4主编 |
| 701 | 0 | @a符斌@AFu Bin@4主编 |
| 801 | 0 | @aCN@bTANGWEI@c20100303 |
| 905 | @b0584882-86@dTQ413-62@e5@f5 | |
| 简明溶剂手册/李华昌,符斌主编.-北京:化学工业出版社,2009 |
| 395页;26cm |
| ISBN 978-7-122-03142-6:CNY59.00 |
| 本书分溶剂的基础知识、烃类溶剂、酚类溶剂、酸和酸酐类溶剂、无机溶剂等,收录了这些溶剂的沸点、熔点、密度、表面张力、闪点、化学性质等内容。 |
| ● |
| 相关链接 |
|
|
|
|
正题名:简明溶剂手册
索取号:TQ413-62/5
 
预约/预借
| 序号 | 登录号 | 条形码 | 馆藏地/架位号 | 状态 | 备注 |
| 1 | 0584882 | 205848822 | 第二样本阅览室/ [索取号:TQ413-62/5] | 在馆 | |
| 2 | 0584883 | 205848831 | 第三借阅区/ [索取号:TQ413-62/5] | 在馆 | |
| 3 | 0584884 | 205848840 | 第三借阅区/ [索取号:TQ413-62/5] | 在馆 | |
| 4 | 0584885 | 205848859 | 第三借阅区/ [索取号:TQ413-62/5] | 在馆 | |
| 5 | 0584886 | 205848868 | 第三借阅区/ [索取号:TQ413-62/5] | 在馆 |